000 00498nam a2200193Ia 4500
005 20250923150122.0
008 008 250917s9999 xx 000 0 eng d
037 _aTextual
040 _aDSWL
_beng
_cDSWL
041 _aeng
_2eng
084 _qDSWL
245 0 _aEconomic Survey : 2002-2003
_cby Economic India
260 _aNew Delhi
_b Manag . of Publication India
_c2003
300 _a246+115p.
365 _aINR
_b225
925 _g225
942 _cTEXL
999 _c1459767
_d1459767